| 000 | 01008nam a2200265Ia 4500 | ||
|---|---|---|---|
| 003 | OSt | ||
| 005 | 20221005105118.0 | ||
| 006 | a|||||r|||| 00| 0 | ||
| 007 | ta | ||
| 008 | 221004b |||||||| |||| 00| 0 hin d | ||
| 020 |
_a9789380172545 (pbk) _cINR 180.00 |
||
| 024 | _a36992 | ||
| 037 |
_b1517, 21/02/2018, Bookwell _cTextual |
||
| 040 |
_aCRL _cCRL _bhin |
||
| 041 |
_2hin _ahin |
||
| 082 | _aV1.N7, 152Q5 | ||
| 100 | _aवर्मा, लाल बहादुर, ले. | ||
| 245 | 0 | _aआधुनिक विश्व का इतिहास | |
| 246 | _aĀdhunik vishva kā itihāsa | ||
| 260 |
_aदिल्ली _bहिन्दी माध्यम कार्यान्वय निदेशालय भारत _c2015 |
||
| 300 |
_a464पृ0 _ccm. |
||
| 650 | _aविश्व-इतिहास | ||
| 942 |
_hV1.N7, 152Q5 _cTEXL _2cc |
||
| 999 |
_c1014784 _d1014784 |
||